|
|
|
|
| LEADER |
00000nam0a2200000 4500 |
| 001 |
112949 |
| 005 |
20231031121659.0 |
| 035 |
|
|
|a (RuTPU)RU\TPU\book\122157
|
| 035 |
|
|
|a RU\TPU\book\122153
|
| 090 |
|
|
|a 112949
|
| 100 |
|
|
|a 20070404d1975 k y0rusy50 ca
|
| 101 |
0 |
|
|a rus
|
| 102 |
|
|
|a RU
|
| 105 |
|
|
|a a b 000zy
|
| 200 |
1 |
|
|a Котельные агрегаты большой мощности
|e каталог-справочник 18-6-74
|f Научно-исследовательский институт экономики, организации производства и технико-экономической информации в энергетическом машиностроении (НИИЭИНФОРМЭНЕРГОМАШ)
|
| 210 |
|
|
|a Москва
|c НИИИНФОРМТЯЖМАШ
|d 1975
|
| 215 |
|
|
|a 116 с.
|c ил.
|
| 610 |
1 |
|
|a теплоэнергетика
|
| 610 |
1 |
|
|a водогрейные котлы
|
| 610 |
1 |
|
|a паровые котлы
|
| 610 |
1 |
|
|a каталоги
|
| 610 |
1 |
|
|a котельные агрегаты
|
| 675 |
|
|
|a 621.18(085)
|v 3
|
| 712 |
0 |
2 |
|a Научно-исследовательский институт экономики, организации производства и технико-экономической информации в энергетическом машиностроении (НИИЭИНФОРМЭНЕРГОМАШ)
|2 stltpush
|3 (RuTPU)RU\TPU\col\10809
|
| 801 |
|
1 |
|a RU
|b 63413507
|c 20040114
|g PSBO
|
| 801 |
|
2 |
|a RU
|b 63413507
|c 20070411
|g PSBO
|
| 942 |
|
|
|c BK
|